000
00226nam a2200097Ia 4500
005
20251222175817.0
008
251222s9999||||xx |||||||||||||| ||spa||
082
_a
DVD0070/C97/1999
245
0
_a
David Copperfield :
942
_c
DVD
999
_c
40366
_d
40366